| 000 | 00000nam##2200000za#4500 |
| 001 | 9.580876 |
| 003 | CaOODSP |
| 005 | 20210624191242 |
| 007 | cr ||||||||||| |
| 008 | 150406|2007||||xxc|||||o f|0| 0 eng|d |
| 040 | |aCaOODSP|beng |
| 043 | |an-cn--- |
| 086 | 1 |aRv55-5/11-3-3-2007E-PDF |
| 110 | 2 |aCanada Border Services Agency. |
| 245 | 10|aNAFTA country of origin marking rules |h[electronic resource] |
| 260 | |aOttawa - Ontario : |bCanada Border Services Agency |
| 300 | |a27p.|btable |
| 490 | 1 |aCustoms D memoranda. D11, General tariff information |vD11-3-3, March 23, 2007 |
| 590 | |a14-17-Supp|b2014-10-09 |
| 775 | 08|tRègle de marquage du pays d'origine – Pays ALÉNA |w(CaOODSP)9.607812 |
| 830 | #0|aCustoms D memoranda. D11, General tariff information ;|vD11-3-3, March 23, 2007|w(CaOODSP)9.816825 |
| 856 | 40|ahttp://publications.gc.ca|qPDF|s284 KB|uhttps://publications.gc.ca/collections/collection_2014/asfc-cbsa/Rv55-5-11-3-3-2007-eng.pdf|yD11-3-3, March 23, 2007 |